| 000 | 00484nam a2200133Ia 4500 | ||
|---|---|---|---|
| 008 | 170221s9999 xx 000 0 und d | ||
| 100 | _aMiaofan Sun | ||
| 245 | _aDesign of an Instant Messaging System Based on the IaaS Cloud Platform | ||
| 245 | _cMiaofan Sun, Shengsheng Wang, Zhiyi Fang, and Mengjiao Zhang. | ||
| 260 | _bJournal of Communications | ||
| 650 | _xCommunication | ||
| 650 | _xMedia Arts | ||
| 856 | _uhttp://www.jocm.us/index.php?m=content&c=index&a=lists&catid=151 | ||
| 999 |
_c312706 _d312706 |
||